Six European states : (Record no. 125547)

MARC details
000 -LEADER
fixed length control field 00749nam a22002297a 4500
005 - DATE AND TIME OF LATEST TRANSACTION
control field 20170124105956.0
010 ## - LIBRARY OF CONGRESS CONTROL NUMBER
LC control number 601357
020 ## - INTERNATIONAL STANDARD BOOK NUMBER
Terms of availability 00.00
International Standard Book Number 2410173130
035 ## - SYSTEM CONTROL NUMBER
System control number 601357
037 ## - SOURCE OF ACQUISITION
Source of stock number/acquisition Cen Lib/Ret
040 ## - CATALOGING SOURCE
Original cataloging agency DPL
Language of cataloging EN
082 ## - DEWEY DECIMAL CLASSIFICATION NUMBER
Classification number 320.94
Item number HOL
100 ## - MAIN ENTRY--PERSONAL NAME
Personal name Holt, Stephen
9 (RLIN) 14730
245 ## - TITLE STATEMENT
Title Six European states :
Statement of responsibility, etc by Stephen Holt
Remainder of title the countries of the European Community and their political systems /
260 ## - PUBLICATION, DISTRIBUTION, ETC. (IMPRINT)
Place of publication, distribution, etc London
Name of publisher, distributor, etc Hamish Hamilton
Date of publication, distribution, etc 1970
270 ## - ADDRESS
Address 90 Great Russel Street
City London
300 ## - PHYSICAL DESCRIPTION
Extent xi,414p.
Dimensions 20cm(Hb)
500 ## - GENERAL NOTE
General note Includes index
650 ## - SUBJECT ADDED ENTRY--TOPICAL TERM
Topical term or geographic name as entry element Comparative government
9 (RLIN) 14731
650 ## - SUBJECT ADDED ENTRY--TOPICAL TERM
Topical term or geographic name as entry element Europe--European Economic Community countries
9 (RLIN) 14732
942 ## - ADDED ENTRY ELEMENTS (KOHA)
Source of classification or shelving scheme Dewey Decimal Classification
Koha item type English Books
Classification part 320.94
Call number suffix HOL
Holdings
Withdrawn status Lost status Damaged status Not for loan Home library Current library Date acquired Source of acquisition Cost, normal purchase price Total Checkouts Full call number Barcode Date last seen Copy number Cost, replacement price Price effective from Koha item type Public note
Written off       Central Library Central Library 22/06/2015 Cen Lib/Ret 0.00   320.94 HOL 601357 22/06/2015 1 0.00 15/09/2016 English Books W/d List No. 6863/4 ; dtd 06/08/2020

© Delhi Public Library
Hit Counter
free hit counter